000 00665nam a22002177a 4500
999 _c3030
_d3030
001 3030
003 BD-JhCC
005 20171109163059.0
008 171109b1981 bg |||| |||| 000 0 ben d
035 _a(BD-JhCC)3030
040 _aBD-JhCC
_dBD-JhCC
041 _aben
082 _a891.4409
_bFOZ 1981
100 _aফজল, আবুল
245 _aনির্বাচিত প্রবন্ধ সংকলন /
_cআবুল ফজল
260 _aঢাকা :
_bবাংলা একাডেমী,
_c১৯৮১.
300 _a২৭৭ পৃ. :
_c২২ সেমি.
650 _aCollection of essays
942 _2ddc
_cBK